Statistics for Országok részleges műholdas kép szerint #2

Click here to take the quiz!

General Stats

  • This quiz has been taken 57 times
  • The average score is 8 of 15

Answer Stats

Answer% Correct
Egyesült Államok
91%
Japán
89%
Mexikó
87%
Dánia
81%
Marokkó
80%
Új-Zéland
74%
Brazília
70%
Egyesült Királyság
65%
Spanyolország
59%
Svédország
44%
Pápua Új-Guinea
30%
Srí Lanka
28%
Venezuela
20%
Vietnám
15%
Dél-afrikai Köztársaság
7%

Score Distribution

Percentile by Number Answered

Percent of People with Each Score

Your Score History

You have not taken this quiz